01264nam a2200253 a 450000100100000000500170001000800410002704000250006808200240009311000610011724000180017824501260019626000580032230000200038059000260040065000640042665000550049065000400054591000390058595201310062495201160075595201220087199900170099300002888620200930055210.0110412d2010 dr f000 0 spa d aDO-SdBNPbspacBNPHU a347.05bR426m, 20101 aRepública Dominicana.cSuprema Corte de Justicia9790610a[Leyes, etc.]10aMedidas anticipadas a la vigencia del nuevo código procesal penal :b(resolución 1920-2003 13 de noviembre del 2003). aSanto Domingo :bSuprema Corte de Justicia,c[2010?]. a45 P. ;c22 cm. aInventariado, 2018/LP 4aDerecho penalxLegislaciónzRepública Dominicana916570 4aProcedimiento penalzRepública Dominicana914474 4aLeyeszRepública Dominicana93033 aValidado. Control de calidad. EMS. 001054708DSaGRbGRcHDd2011-04-12iLF1l0o347.05 R426mp28886-30r2020-06-25te. 3w2020-06-25yLFDSZPréstamo en sala 0010718PDaPDbPDcHDd2011-04-12iLF1l0o347.05 R426mp28886-10r2020-06-25w2020-06-25yLFPDZNo se presta 0010718PDaPDbPDcHDd2011-04-12iLF1l0o347.05 R426mp28886-20r2020-06-25te. 2w2020-06-25yLFPDZNo se presta c28378d28378